Mysticism: (Record no. 123)

MARC details
000 -LEADER
fixed length control field 00482nam a2200181Ia 4500
003 - CONTROL NUMBER IDENTIFIER
control field OSt
005 - DATE AND TIME OF LATEST TRANSACTION
control field 20241126110330.0
008 - FIXED-LENGTH DATA ELEMENTS--GENERAL INFORMATION
fixed length control field 160526b xxu||||| |||| 00| 0 eng d
020 ## - INTERNATIONAL STANDARD BOOK NUMBER
International Standard Book Number 0140205683
040 ## - CATALOGING SOURCE
Transcribing agency gbc
082 ## - DEWEY DECIMAL CLASSIFICATION NUMBER
Classification number 201.3007
Item number HAP
100 ## - MAIN ENTRY--PERSONAL NAME
Personal name Happold, F. C.
9 (RLIN) 7165
245 ## - TITLE STATEMENT
Title Mysticism:
Remainder of title A study and an Anthology /
Statement of responsibility, etc. F. C. Happold
260 ## - PUBLICATION, DISTRIBUTION, ETC.
Name of publisher, distributor, etc. Penguin Books,
Place of publication, distribution, etc. Middlesex:
Date of publication, distribution, etc. 1981
300 ## - PHYSICAL DESCRIPTION
Extent 407p.;
Dimensions 18 cm.
650 ## - SUBJECT ADDED ENTRY--TOPICAL TERM
Topical term or geographic name entry element Mythology
9 (RLIN) 7166
942 ## - ADDED ENTRY ELEMENTS (KOHA)
Edition REPRINT
Source of classification or shelving scheme Dewey Decimal Classification
Koha item type Books
Koha issues (borrowed), all copies 6
Holdings
Withdrawn status Lost status Source of classification or shelving scheme Damaged status Not for loan Home library Current Library Shelving location Date acquired Total checkouts Total renewals Full call number Barcode Date last seen Date last checked out Copy number Price effective from Koha item type
    Dewey Decimal Classification     GRACE BIBLE COLLEGE GRACE BIBLE COLLEGE Philosophy and Religion 2016-05-26 6 2 201.3007 HAP 005346 2025-05-01 2023-10-16 c.1 2016-05-26 Books
© Grace Bible College Library 2025